[Event "Toronto Chess to Remember"]
[Site "Toronto CAN"]
[Date "2018.09.23"]
[Round "2"]
[White "Vettese, Nicholas"]
[Black "Barron, Michael"]
[Result "1-0"]
[WhiteElo "2231"]
[BlackElo "2108"]
[PlyCount "62"]
[GameId "2160767740412028"]
[EventDate "2018.09.23"]
[EventType "swiss (rapid)"]
[EventRounds "5"]
[EventCountry "CAN"]
[WhiteClock "0:03:05"]
[BlackClock "0:04:31"]

1. e4 e5 2. Nf3 Nc6 3. d4 exd4 4. Nxd4 Bc5 5. Nb3 Bb6 6. Nc3 Nf6 7. Qe2 O-O 8. Bg5 h6 9. Bh4 Nd4 10. Qd3 Ne6 11. O-O-O Nf4 12. Qd2 Ng6 13. Bg3 Qe7 14. Bd3 d6 15. f3 Be6 16. Bf2 Nd7 17. h4 a5 18. Bxb6 Nxb6 19. Nd4 Nxh4 20. f4 Bg4 21. Rde1 Ng6 22. e5 dxe5 23. f5 Qg5 24. Qxg5 hxg5 25. Ne6 fxe6 26. fxg6 Bf5 27. Rh5 Rf6 28. Rxg5 Bxd3 29. cxd3 Nd7 30. Ne4 Rf5 31. g4 Rf4 1-0

[Event "Toronto Chess to Remember"]
[Site "Toronto CAN"]
[Date "2018.09.23"]
[Round "4"]
[White "Vettese, Nicholas"]
[Black "Zhao, Jim"]
[Result "1-0"]
[WhiteElo "2231"]
[BlackElo "2185"]
[PlyCount "107"]
[GameId "2160767740522630"]
[EventDate "2018.09.23"]
[EventType "swiss (rapid)"]
[EventRounds "5"]
[EventCountry "CAN"]
[WhiteClock "0:02:59"]
[BlackClock "0:00:25"]

1. e4 c5 2. Nf3 e6 3. d4 cxd4 4. Nxd4 Nc6 5. Nc3 Qc7 6. Ndb5 Qb8 7. g3 a6 8. Nd4 Nf6 9. Bg2 Be7 10. O-O O-O 11. Re1 Rd8 12. a4 Qc7 13. Be3 Ne5 14. Qe2 Nc4 15. Bc1 Bb4 16. e5 Ne8 17. Bg5 Nxb2 18. Bxd8 Qxd8 19. Qf3 Qc7 20. Nde2 Nc4 21. Qf4 Qc5 22. Reb1 a5 23. Nb5 Bd2 24. Qd4 Qxd4 25. Nbxd4 Nxe5 26. Bxb7 Bxb7 27. Rxb7 Nd6 28. Rb3 Bb4 29. c3 Bc5 30. Rab1 Ba7 31. Nb5 Nxb5 32. Rxb5 Nc4 33. Rb7 Bc5 34. Rxd7 Ne5 35. Rdb7 g6 36. Rb8+ Rxb8 37. Rxb8+ Kg7 38. Rb5 Nd3 39. Kf1 Bxf2 40. Nc1 Nxc1 41. Kxf2 Na2 42. c4 Kf6 43. Rxa5 Nb4 44. Rb5 Nc6 45. a5 Ke7 46. a6 Kd6 47. Rb7 Na5 48. a7 Nxb7 49. a8=Q Nc5 50. Qf8+ Kc6 51. Qxf7 e5 52. Qxh7 g5 53. Qe7 g4 54. Ke3 1-0

[Event "Toronto Chess to Remember"]
[Site "Toronto CAN"]
[Date "2018.09.23"]
[Round "5"]
[White "Filipovich, David"]
[Black "Vettese, Nicholas"]
[Result "0-1"]
[WhiteElo "1975"]
[BlackElo "2231"]
[PlyCount "58"]
[GameId "2160767740522633"]
[EventDate "2018.09.23"]
[EventType "swiss (rapid)"]
[EventRounds "5"]
[EventCountry "CAN"]
[WhiteClock "0:00:11"]
[BlackClock "0:11:54"]

1. Nf3 Nf6 2. g3 g6 3. Bg2 Bg7 4. O-O O-O 5. d4 d5 6. c4 dxc4 7. Na3 Be6 8. Ng5 Bd5 9. e4 Bc6 10. d5 Be8 11. e5 Nfd7 12. e6 Nb6 13. exf7+ Bxf7 14. Nxf7 Rxf7 15. Qe2 c3 16. Rd1 Na4 17. Nc4 cxb2 18. Bxb2 Nxb2 19. Nxb2 Nd7 20. d6 exd6 21. Bd5 Qf6 22. Rab1 Raf8 23. Nc4 b6 24. Ne3 Ne5 25. Rbc1 Nf3+ 26. Kg2 Nd4 27. Bxf7+ Rxf7 28. Qd2 Qf3+ 29. Kg1 Qb7 0-1

[Event "CAN-ch U20 inv."]
[Site "Toronto CAN"]
[Date "2018.08.08"]
[Round "1.3"]
[White "Vettese, Nicholas"]
[Black "Liang, Hairan"]
[Result "1-0"]
[WhiteElo "2389"]
[BlackElo "2226"]
[PlyCount "75"]
[GameId "2160767908090654"]
[EventDate "2018.08.08"]
[EventType "tourn"]
[EventRounds "9"]
[EventCountry "CAN"]

1. e4 c5 2. Nf3 d6 3. d4 cxd4 4. Nxd4 Nf6 5. Nc3 Bd7 6. Bg5 e6 7. f3 a6 8. Qd2 h6 9. Be3 Nc6 10. O-O-O b5 11. Nxc6 Bxc6 12. Ne2 Be7 13. Nd4 Bb7 14. g4 Rc8 15. Kb1 Nd7 16. h4 Bxh4 17. g5 hxg5 18. Bxg5 Qxg5 19. Qxg5 Bxg5 20. Rxh8+ Nf8 21. Nb3 d5 22. Bd3 Ke7 23. Na5 Ba8 24. a4 bxa4 25. Bxa6 Rc5 26. Nb7 Rc6 27. exd5 exd5 28. Re1+ Kf6 29. Rxf8 Rxa6 30. Nd8 Kf5 31. Ne6 Bf6 32. Nc7 Rb6 33. Rxa8 Rxb2+ 34. Kc1 Rb7 35. Nxd5 Bb2+ 36. Kd2 Rd7 37. c4 a3 38. Re7 1-0

[Event "CAN-ch U20 inv."]
[Site "Toronto CAN"]
[Date "2018.08.09"]
[Round "2.4"]
[White "Wang, Constance"]
[Black "Vettese, Nicholas"]
[Result "0-1"]
[WhiteElo "2044"]
[BlackElo "2329"]
[PlyCount "76"]
[GameId "2160767908090660"]
[EventDate "2018.08.08"]
[EventType "tourn"]
[EventRounds "9"]
[EventCountry "CAN"]

1. e4 c5 2. Nf3 d6 3. d4 cxd4 4. Nxd4 Nf6 5. Nc3 a6 6. Bg5 Nbd7 7. f4 Qb6 8. Qd2 e6 9. O-O-O Qc7 10. f5 e5 11. Nf3 b5 12. a3 Bb7 13. Qe2 Nb6 14. Bxf6 gxf6 15. Qf2 Rd8 16. Qh4 Be7 17. Nd5 Bxd5 18. exd5 Rc8 19. Qe4 Rg8 20. Ne1 Na4 21. Be2 Qc5 22. Rf1 a5 23. Qd3 Rb8 24. Qb3 Qb6 25. Rf3 Nc5 26. Qe3 b4 27. Rh3 e4 28. a4 Nxa4 29. Qxe4 Nc5 30. Qd4 a4 31. Rxh7 a3 32. b3 a2 33. Qa1 Ne4 34. Rd3 Qf2 35. Kd1 Ra8 36. Bf3 Nc3+ 37. Rxc3 bxc3 38. Rh3 Qd2# 0-1

[Event "CAN-ch U20 inv."]
[Site "Toronto CAN"]
[Date "2018.08.09"]
[Round "3.2"]
[White "Vettese, Nicholas"]
[Black "Rodrigue-Lemieux, Shawn"]
[Result "1/2-1/2"]
[WhiteElo "2329"]
[BlackElo "2352"]
[PlyCount "60"]
[GameId "2160767908090664"]
[EventDate "2018.08.08"]
[EventType "tourn"]
[EventRounds "9"]
[EventCountry "CAN"]

1. e4 c6 2. d4 d5 3. exd5 cxd5 4. Nf3 Nf6 5. Ne5 Nc6 6. Bb5 Bd7 7. Nxd7 Qxd7 8. c3 e6 9. Nd2 Bd6 10. O-O O-O 11. Bd3 Rab8 12. a4 a6 13. Nf3 Qc7 14. g3 Rfe8 15. Re1 h6 16. Kg2 Rbd8 17. Bc2 b5 18. Bd3 Qb7 19. Qe2 e5 20. axb5 axb5 21. Bxb5 exd4 22. Bxc6 Qxc6 23. Nxd4 Rxe2 24. Nxc6 Rxe1 25. Nxd8 Ne4 26. Nb7 Bf8 27. b3 Nxc3 28. Bb2 Rxa1 29. Bxa1 Ne4 30. Na5 f6 1/2-1/2

[Event "CAN-ch U20 inv."]
[Site "Toronto CAN"]
[Date "2018.08.10"]
[Round "4.5"]
[White "Nasir, Zehn"]
[Black "Vettese, Nicholas"]
[Result "0-1"]
[WhiteElo "2306"]
[BlackElo "2329"]
[PlyCount "98"]
[GameId "2160767908090671"]
[EventDate "2018.08.08"]
[EventType "tourn"]
[EventRounds "9"]
[EventCountry "CAN"]

1. e4 c5 2. Nf3 d6 3. d4 cxd4 4. Nxd4 Nf6 5. Nc3 a6 6. h3 e6 7. g4 Be7 8. g5 Nfd7 9. Be3 b5 10. Qd2 Bb7 11. a3 O-O 12. h4 Nc6 13. Rg1 Nde5 14. Be2 Nxd4 15. Bxd4 f5 16. gxf6 Bxf6 17. O-O-O Ng6 18. h5 Nf4 19. Bg4 Be5 20. Bxe5 dxe5 21. Qd7 Qb6 22. Bf5 Nxh5 23. Bxh7+ Kxh7 24. Rg5 Rad8 25. Rxh5+ Kg8 26. Qe7 Rxd1+ 27. Nxd1 Bxe4 28. Rxe5 Bf5 29. Rc5 Bg6 30. Rc7 Bf7 31. Qd7 Qa5 32. c3 Qa4 33. Ne3 Qf4 34. Rc8 Rxc8 35. Qxc8+ Kh7 36. Qd7 Qxf2 37. Qd4 Bg6 38. Qd2 Qg1+ 39. Nd1 Bh5 40. Qd3+ g6 41. Qd7+ Kh6 42. b4 Bg4 43. Qd6 Qf1 44. Qh2+ Kg5 45. Qe5+ Qf5 46. Qxf5+ gxf5 47. Nf2 e5 48. Kd2 Bf3 49. Ke3 Bb7 0-1

[Event "CAN-ch U20 inv."]
[Site "Toronto CAN"]
[Date "2018.08.10"]
[Round "5.1"]
[White "Vettese, Nicholas"]
[Black "Qiao, Cindy"]
[Result "1-0"]
[WhiteElo "2329"]
[BlackElo "2016"]
[PlyCount "65"]
[GameId "2160767908090672"]
[EventDate "2018.08.08"]
[EventType "tourn"]
[EventRounds "9"]
[EventCountry "CAN"]
[SourceTitle "hb 2018"]

1. e4 c5 2. Nf3 d6 3. d4 cxd4 4. Nxd4 Nf6 5. Nc3 g6 6. Be3 Bg7 7. f3 Nc6 8. Qd2 O-O 9. g4 Be6 10. Nxe6 fxe6 11. O-O-O Ne5 12. Be2 Qc8 13. h4 Nfd7 14. f4 Nc4 15. Bxc4 Qxc4 16. e5 Rad8 17. h5 dxe5 18. hxg6 hxg6 19. f5 exf5 20. gxf5 gxf5 21. Qh2 Nf6 22. Rdg1 e6 23. Qh8+ Kf7 24. Rxg7+ Ke8 25. Qh6 Rd7 26. Qg6+ Rdf7 27. Rh8 Rxh8 28. Qxf7+ Kd8 29. Qe7+ Kc8 30. Qxb7+ Kd8 31. Qb8+ Qc8 32. Qd6+ Nd7 33. Bg5+ 1-0

[Event "CAN-ch U20 inv."]
[Site "Toronto CAN"]
[Date "2018.08.10"]
[Round "6.5"]
[White "Vettese, Nicholas"]
[Black "Zhu, Brandon"]
[Result "1-0"]
[WhiteElo "2329"]
[BlackElo "2149"]
[PlyCount "123"]
[GameId "2160767908090681"]
[EventDate "2018.08.08"]
[EventType "tourn"]
[EventRounds "9"]
[EventCountry "CAN"]
[SourceTitle "hb 2018"]

1. e4 e5 2. Nf3 Nc6 3. d4 exd4 4. Nxd4 Nf6 5. Nxc6 bxc6 6. Qe2 d5 7. exd5+ Be7 8. dxc6 O-O 9. Nc3 Bb4 10. Qd3 Ne4 11. a3 Bxc3+ 12. bxc3 Qe7 13. Qe3 f5 14. Bd3 Qf6 15. Qd4 Qxc6 16. Qc4+ Qe6 17. O-O Qf7 18. Bf4 Nd6 19. Qxf7+ Kxf7 20. c4 Be6 21. Rfc1 Kf6 22. c5 Ne4 23. Bxe4 fxe4 24. Bxc7 Rfc8 25. Bd6 Bd5 26. Kf1 Re8 27. Re1 Bc4+ 28. Kg1 Bd5 29. Re3 Re6 30. Rb1 Rc8 31. Rb5 Rd8 32. Ra5 Rd7 33. Rb5 Rb7 34. Rxb7 Bxb7 35. Kf1 Kf5 36. h4 h5 37. Ke1 Rg6 38. g3 Re6 39. Kd2 Bd5 40. Kc3 Rf6 41. Kd4 Ke6 42. Bf4 Rf7 43. f3 Rb7 44. fxe4 Bc6 45. Rb3 a5 46. Rb6 Kd7 47. Bb8 Rxb6 48. cxb6 Ba4 49. c4 Kc6 50. c5 Bb3 51. e5 Be6 52. Bd6 g6 53. Ke4 Bd5+ 54. Kf4 Kd7 55. Kg5 Be4 56. Kf6 a4 57. e6+ Ke8 58. e7 Bc6 59. Kxg6 Bf3 60. c6 Bxc6 61. Kxh5 Bb7 62. Kg5 1-0

[Event "CAN-ch U20 inv."]
[Site "Toronto CAN"]
[Date "2018.08.11"]
[Round "7.2"]
[White "Hua, Eugene"]
[Black "Vettese, Nicholas"]
[Result "1-0"]
[WhiteElo "2446"]
[BlackElo "2329"]
[PlyCount "95"]
[GameId "2160767908090684"]
[EventDate "2018.08.08"]
[EventType "tourn"]
[EventRounds "9"]
[EventCountry "CAN"]

1. e4 c5 2. Nf3 d6 3. d4 cxd4 4. Nxd4 Nf6 5. Nc3 a6 6. Be3 e6 7. f3 Nbd7 8. g4 h6 9. Qd2 b5 10. h4 Qc7 11. Rg1 Nb6 12. g5 Nfd7 13. g6 Ne5 14. gxf7+ Qxf7 15. O-O-O Nbc4 16. Bxc4 Nxc4 17. Qe2 Nxe3 18. Qxe3 Be7 19. Nc6 Bb7 20. Nxe7 Qxe7 21. Qd4 O-O 22. Rxg7+ Qxg7 23. Rg1 Qxg1+ 24. Qxg1+ Kh7 25. Qb6 Rf7 26. Qxd6 Rg8 27. Qxe6 Rxf3 28. Nd5 Bxd5 29. exd5 Rg1+ 30. Kd2 Rgf1 31. b3 Rf6 32. Qe4+ Kg7 33. Kc3 R1f4 34. Qe7+ Rf7 35. Qe5+ Kh7 36. Kb2 Rg4 37. Qe6 Rgg7 38. Qxa6 b4 39. Qc4 Rb7 40. h5 Rbd7 41. Qe4+ Kg8 42. Qe6+ Kh7 43. d6 Rb7 44. Qe4+ Kh8 45. Qe8+ Kh7 46. Qe6 Rb6 47. Qf5+ Kg8 48. Qc8+ 1-0

[Event "CAN-ch U20 inv."]
[Site "Toronto CAN"]
[Date "2018.08.12"]
[Round "8.4"]
[White "Vettese, Nicholas"]
[Black "Plotkin, Mark"]
[Result "0-1"]
[WhiteElo "2329"]
[BlackElo "2332"]
[PlyCount "150"]
[GameId "2160767908090690"]
[EventDate "2018.08.08"]
[EventType "tourn"]
[EventRounds "9"]
[EventCountry "CAN"]

1. e4 d6 2. d4 Nf6 3. Nc3 g6 4. f4 Bg7 5. Bd3 O-O 6. Nf3 Nc6 7. O-O Bg4 8. e5 dxe5 9. dxe5 Nd5 10. Nxd5 Qxd5 11. h3 Bf5 12. Bxf5 Qxd1 13. Rxd1 gxf5 14. Bd2 Rfd8 15. Bc3 e6 16. g4 Ne7 17. g5 Nd5 18. Bd2 Bf8 19. Kg2 Rd7 20. Kf2 Rad8 21. Ke2 Kg7 22. a3 Kg6 23. Rh1 Nb6 24. Rag1 Na4 25. Bc1 Be7 26. h4 Nc5 27. h5+ Kg7 28. h6+ Kf8 29. Rd1 Ne4 30. Rxd7 Ng3+ 31. Ke1 Rxd7 32. Rg1 Ne4 33. Ke2 Bc5 34. Be3 Bxe3 35. Kxe3 Ke7 36. Rh1 c5 37. Rc1 Kd8 38. c4 Kc7 39. Ke2 Rd8 40. Rc2 Kc6 41. Nd2 Ng3+ 42. Ke3 Rd4 43. Nb3 Nf1+ 44. Kf3 Rd3+ 45. Ke2 Rxb3 46. Kxf1 Rf3+ 47. Rf2 Rd3 48. Ke1 b5 49. Rd2 bxc4 50. Ke2 Rd4 51. Ke3 Kd5 52. Rc2 Rd3+ 53. Kf2 Kd4 54. Ke2 a5 55. a4 Rh3 56. Rd2+ Ke4 57. Rd7 Kxf4 58. Rxf7 Kxg5 59. Rg7+ Kf4 60. Rxh7 Kxe5 61. Rc7 Rxh6 62. Rxc5+ Kd4 63. Rxa5 Rh2+ 64. Kd1 Rxb2 65. Ra8 e5 66. a5 Ra2 67. a6 Ke4 68. a7 f4 69. Kc1 f3 70. Kb1 Ra4 71. Kb2 Ke3 72. Re8 Rxa7 73. Rxe5+ Kd2 74. Rd5+ Ke1 75. Re5+ Kf1 0-1

[Event "CAN-ch U20 inv."]
[Site "Toronto CAN"]
[Date "2018.08.12"]
[Round "9"]
[White "Tian, Sherry"]
[Black "Vettese, Nicholas"]
[Result "0-1"]
[WhiteElo "1834"]
[BlackElo "2203"]
[PlyCount "102"]
[GameId "2160767908090692"]
[EventDate "2018.08.08"]
[EventType "tourn"]
[EventRounds "9"]
[EventCountry "CAN"]
[SourceTitle "CBM 186 Extra"]
[Source "ChessBase"]
[SourceDate "2018.08.24"]
[SourceVersion "1"]
[SourceVersionDate "2018.08.24"]
[SourceQuality "1"]

1. d4 Nf6 2. Nf3 g6 3. Bf4 d6 4. h3 Bg7 5. e3 b6 6. Be2 Bb7 7. Nbd2 Nbd7 8. c3 O-O 9. O-O Re8 10. a4 e5 11. Bh2 a6 12. b4 Qe7 13. dxe5 dxe5 14. Qb3 a5 15. Rfc1 Bd5 16. Bc4 Bxc4 17. Qxc4 e4 18. Ne1 Ne5 19. Qb3 Red8 20. Ra2 axb4 21. cxb4 Nd5 22. Nxe4 Qxb4 23. Qxb4 Nxb4 24. Rd2 Rxd2 25. Nxd2 c5 26. Rd1 Rxa4 27. Ne4 h6 28. Bxe5 Bxe5 29. Nf3 Ra1 30. Rxa1 Bxa1 31. Nfd2 Nd5 32. Nd6 Be5 33. Nc8 b5 34. e4 Nf6 35. f3 c4 36. Kf1 c3 37. Nb3 c2 38. Na7 Bf4 39. Nxb5 c1=Q+ 40. Nxc1 Bxc1 41. Nd6 Bf4 42. Nc4 h5 43. Kf2 h4 44. Nb2 Kf8 45. Nd3 Nh5 46. Nb4 Ke7 47. Nd5+ Ke6 48. Nxf4+ Nxf4 49. g3 Nd3+ 50. Kg2 Ke5 51. gxh4 Kf4 0-1

[Event "CYCC U14"]
[Site "Quebec CAN"]
[Date "2018.07.02"]
[Round "3.29"]
[White "Vettese, Nicholas"]
[Black "England, Max"]
[Result "1-0"]
[WhiteElo "2321"]
[BlackElo "2061"]
[PlyCount "57"]
[GameId "2160767908178304"]
[EventDate "2018.07.02"]
[EventType "swiss"]
[EventRounds "7"]
[EventCountry "CAN"]
[SourceTitle "EXT 2022"]
[Source "ChessBase"]
[SourceDate "2021.10.06"]
[SourceVersion "1"]
[SourceVersionDate "2021.10.06"]
[SourceQuality "1"]

1. e4 e5 2. Nf3 Nc6 3. d4 exd4 4. Nxd4 Nf6 5. Nxc6 bxc6 6. Qe2 Qe7 7. Nc3 d5 8. exd5 Qxe2+ 9. Bxe2 cxd5 10. Nb5 Bb4+ 11. c3 Ba5 12. Bf4 Kd7 13. b4 Bb6 14. c4 c5 15. bxc5 Bxc5 16. Nc7 Bb4+ 17. Kf1 Bd6 18. Bxd6 Kxd6 19. Nxa8 Bb7 20. c5+ Kc6 21. Nb6 axb6 22. cxb6 Kxb6 23. f3 Kc5 24. Kf2 Re8 25. Rab1 Re7 26. Rhc1+ Kd6 27. a4 Nh5 28. Rb6+ Ke5 29. Ba6 1-0

[Event "CYCC U14"]
[Site "Quebec CAN"]
[Date "2018.07.03"]
[Round "4.29"]
[White "Craciun, David"]
[Black "Vettese, Nicholas"]
[Result "0-1"]
[WhiteElo "1837"]
[BlackElo "2321"]
[PlyCount "92"]
[GameId "2160767908178330"]
[EventDate "2018.07.02"]
[EventType "swiss"]
[EventRounds "7"]
[EventCountry "CAN"]
[SourceTitle "EXT 2022"]
[Source "ChessBase"]
[SourceDate "2021.10.06"]
[SourceVersion "1"]
[SourceVersionDate "2021.10.06"]
[SourceQuality "1"]

1. d4 Nf6 2. Bf4 g6 3. Nc3 d5 4. e3 Bg7 5. Nb5 Na6 6. c4 c6 7. Nc3 O-O 8. Nf3 c5 9. Qb3 cxd4 10. exd4 Nc7 11. Be2 b6 12. O-O dxc4 13. Qxc4 Nfd5 14. Be5 Ba6 15. Qb3 Bxe2 16. Nxe2 Qd7 17. Ng3 Ne6 18. Bxg7 Kxg7 19. Rac1 Ndf4 20. Rfd1 Rad8 21. Rc2 Qd5 22. Qa3 Ng5 23. Ne1 Rd7 24. Qe3 Nge6 25. b3 Rfd8 26. Nf3 g5 27. Rcd2 Kg8 28. Ne4 f6 29. Kh1 Ng6 30. Nc3 Qf5 31. d5 Nc7 32. Nd4 Qe5 33. Qf3 Nxd5 34. Nc6 Nxc3 35. Nxe5 Rxd2 36. Re1 Nxe5 37. Qxc3 Rxf2 38. Qc7 Rd7 39. Qc8+ Kg7 40. Qe8 Rfd2 41. Qh5 Nd3 42. Rf1 Nf4 43. Qg4 h5 44. Qf5 Nxg2 45. Rf2 Ne3 46. Rxd2 Rxd2 0-1

[Event "CYCC U14"]
[Site "Quebec CAN"]
[Date "2018.07.04"]
[Round "5.28"]
[White "Vettese, Nicholas"]
[Black "Rodrigue-Lemieux, Shawn"]
[Result "1-0"]
[WhiteElo "2321"]
[BlackElo "2344"]
[PlyCount "89"]
[GameId "2160767908178355"]
[EventDate "2018.07.02"]
[EventType "swiss"]
[EventRounds "7"]
[EventCountry "CAN"]
[SourceTitle "EXT 2022"]
[Source "ChessBase"]
[SourceDate "2021.10.06"]
[SourceVersion "1"]
[SourceVersionDate "2021.10.06"]
[SourceQuality "1"]

1. e4 c6 2. d4 d5 3. exd5 cxd5 4. Nf3 Nc6 5. Ne5 Nf6 6. Bb5 Bd7 7. Nxd7 Qxd7 8. c3 e6 9. Nd2 Bd6 10. O-O Qc7 11. g3 O-O 12. Bd3 Rab8 13. a4 a6 14. Qe2 e5 15. dxe5 Nxe5 16. Nf3 Ned7 17. Be3 Rfe8 18. Qc2 Bc5 19. Nd4 Ne5 20. Kg2 Nc6 21. b4 Bxd4 22. cxd4 Qe7 23. b5 Nb4 24. Qb3 Rbc8 25. Bf5 Rc4 26. Rfe1 a5 27. Bd2 Qf8 28. Bg5 h6 29. Bxf6 gxf6 30. Rac1 Rxc1 31. Rxc1 Qe7 32. Qf3 Qe2 33. Qxe2 Rxe2 34. Rc7 b6 35. Rc6 Na2 36. Rxb6 Nc3 37. Rb8+ Kg7 38. b6 Rb2 39. Bd7 Ne2 40. b7 Rb6 41. Bc6 Rxc6 42. Rc8 Rb6 43. b8=Q Rxb8 44. Rxb8 Nxd4 45. Rd8 1-0

[Event "CYCC U14"]
[Site "Quebec CAN"]
[Date "2018.07.04"]
[Round "6.28"]
[White "Zhao, Jeffrey Renfei"]
[Black "Vettese, Nicholas"]
[Result "0-1"]
[WhiteElo "1973"]
[BlackElo "2321"]
[PlyCount "132"]
[GameId "2160767908178381"]
[EventDate "2018.07.02"]
[EventType "swiss"]
[EventRounds "7"]
[EventCountry "CAN"]
[SourceTitle "EXT 2022"]
[Source "ChessBase"]
[SourceDate "2021.10.06"]
[SourceVersion "1"]
[SourceVersionDate "2021.10.06"]
[SourceQuality "1"]

1. e4 c5 2. Nf3 d6 3. d4 cxd4 4. Nxd4 Nf6 5. Nc3 a6 6. Bg5 Nbd7 7. Be2 Qc7 8. f4 e6 9. Bf3 h6 10. Bh4 e5 11. fxe5 dxe5 12. Nf5 Qb6 13. Rb1 g6 14. Bf2 Bc5 15. Bxc5 Qxc5 16. Nd6+ Ke7 17. Nxc8+ Raxc8 18. Qd2 b5 19. Rd1 Nb6 20. a3 Nc4 21. Qc1 Nxb2 22. Nd5+ Nxd5 23. Rxd5 Qxd5 24. Qxb2 Qd4 25. Qxd4 exd4 26. Kd2 Rc3 27. Ra1 Rhc8 28. Ra2 Kd6 29. e5+ Kxe5 30. Bb7 R8c7 31. Bxa6 R3c5 32. Rb2 Ra7 33. Bxb5 Rxa3 34. Bd3 Ra1 35. Rb7 Kf6 36. Rd7 Ra4 37. Ke2 Rh5 38. h3 Rg5 39. Kf3 Ke6 40. Rd8 Ke7 41. Rh8 h5 42. Rb8 Ra1 43. Kf2 Rd1 44. Ke2 Rg1 45. Be4 f5 46. Bf3 R1xg2+ 47. Bxg2 Rxg2+ 48. Kd3 Kf6 49. Kxd4 Rxc2 50. Rb3 Re2 51. Kd3 Re4 52. Kd2 g5 53. Rb5 Re5 54. Rb6+ Re6 55. Rb5 Kg6 56. Rb8 g4 57. Rg8+ Kh6 58. hxg4 fxg4 59. Kd3 Re5 60. Kd4 Rg5 61. Rh8+ Kg7 62. Ra8 g3 63. Ra1 g2 64. Rg1 h4 65. Ke3 h3 66. Kf2 Kg6 0-1

[Event "CYCC U14"]
[Site "Quebec CAN"]
[Date "2018.07.05"]
[Round "7.28"]
[White "Vettese, Nicholas"]
[Black "Zhao, Ian"]
[Result "1/2-1/2"]
[WhiteElo "2321"]
[BlackElo "2055"]
[PlyCount "65"]
[GameId "2160767908178407"]
[EventDate "2018.07.02"]
[EventType "swiss"]
[EventRounds "7"]
[EventCountry "CAN"]
[SourceTitle "EXT 2022"]
[Source "ChessBase"]
[SourceDate "2021.10.06"]
[SourceVersion "1"]
[SourceVersionDate "2021.10.06"]
[SourceQuality "1"]

1. e4 e5 2. Nf3 Nc6 3. d4 exd4 4. Nxd4 Bc5 5. Nb3 Bb6 6. Nc3 Nf6 7. Qe2 a5 8. a4 O-O 9. Bg5 h6 10. Bh4 Nd4 11. Qd3 Nxb3 12. cxb3 c6 13. O-O-O d5 14. e5 g5 15. Bg3 Nd7 16. h4 Nc5 17. Qf3 Nxb3+ 18. Kb1 Nd4 19. Qh5 Kg7 20. e6 Nf5 21. Ne4 Nxg3 22. fxg3 Be3 23. Qe2 Qb6 24. hxg5 dxe4 25. gxh6+ Kh8 26. e7 Re8 27. Qc4 Be6 28. Qc3+ Bd4 29. Rxd4 Qb3 30. Qxb3 Bxb3 31. Rxe4 Bd5 32. Rf4 Rxe7 33. Bc4 1/2-1/2

[Event "Aurora Spring op"]
[Site "Aurora CAN"]
[Date "2018.03.24"]
[Round "1.4"]
[White "Fradkin, Benjamin"]
[Black "Vettese, Nicholas"]
[Result "0-1"]
[WhiteElo "1916"]
[BlackElo "2157"]
[PlyCount "134"]
[GameId "2160767908245498"]
[EventDate "2018.03.24"]
[EventType "swiss"]
[EventRounds "5"]
[EventCountry "CAN"]
[SourceTitle "EXT 2022"]
[Source "ChessBase"]
[SourceDate "2021.10.06"]
[SourceVersion "1"]
[SourceVersionDate "2021.10.06"]
[SourceQuality "1"]

1. d4 Nf6 2. Bf4 g6 3. Nf3 Bg7 4. e3 d5 5. h3 O-O 6. Bd3 c5 7. c3 Nc6 8. Nbd2 Nd7 9. O-O e5 10. dxe5 Ndxe5 11. Bc2 Be6 12. Nxe5 Nxe5 13. Bxe5 Bxe5 14. f4 Bg7 15. f5 gxf5 16. Qh5 d4 17. exd4 cxd4 18. Bxf5 Bxf5 19. Qxf5 dxc3 20. Ne4 cxb2 21. Rab1 Qb6+ 22. Kh1 Qe6 23. Nf6+ Bxf6 24. Qxf6 Qxf6 25. Rxf6 Kg7 26. Rf4 b6 27. Rxb2 Rac8 28. Ra4 Rc7 29. Rg4+ Kh8 30. Rb5 Rc2 31. a4 Rg8 32. Rbb4 Ra2 33. Kh2 Rg6 34. Rbd4 Kg7 35. Rc4 Kf6 36. Rgf4+ Ke6 37. Rce4+ Kd5 38. Rd4+ Kc6 39. Rc4+ Kd7 40. Rcd4+ Kc8 41. Rg4 a5 42. Rdf4 f5 43. Rg3 Kd8 44. Rxf5 Rxa4 45. Rxg6 hxg6 46. Rf6 b5 47. Rxg6 b4 48. Rb6 Ra3 49. h4 Kc7 50. Rb5 Kc6 51. Rb8 Rd3 52. h5 Rd5 53. g4 Kc7 54. Rf8 b3 55. h6 b2 56. Rf1 a4 57. h7 Rd8 58. g5 a3 59. g6 a2 60. g7 b1=Q 61. Rf7+ Kc6 62. Rf6+ Kc5 63. g8=Q Rd2+ 64. Kh3 Qh1+ 65. Kg4 Rg2+ 66. Kf5 Rf2+ 67. Ke6 Rxf6+ 0-1

[Event "Aurora Spring op"]
[Site "Aurora CAN"]
[Date "2018.03.24"]
[Round "2.4"]
[White "Vettese, Nicholas"]
[Black "Berengolts, Isai"]
[Result "1-0"]
[WhiteElo "2157"]
[BlackElo "2041"]
[PlyCount "59"]
[GameId "2160767908241412"]
[EventDate "2018.03.24"]
[EventType "swiss"]
[EventRounds "5"]
[EventCountry "CAN"]
[SourceTitle "EXT 2022"]
[Source "ChessBase"]
[SourceDate "2021.10.06"]
[SourceVersion "1"]
[SourceVersionDate "2021.10.06"]
[SourceQuality "1"]

1. e4 c5 2. Nf3 d6 3. d4 cxd4 4. Nxd4 Nf6 5. Nc3 g6 6. Be3 Bg7 7. f3 Nc6 8. Qd2 O-O 9. g4 Bd7 10. O-O-O Rc8 11. h4 Ne5 12. h5 a6 13. hxg6 fxg6 14. Bh6 Qa5 15. Bxg7 Kxg7 16. Qh6+ Kg8 17. Nd5 Rf7 18. Nxf6+ exf6 19. Kb1 Qc5 20. Rd2 b5 21. Nb3 Qc7 22. Rdh2 Nxf3 23. Rg2 Ne1 24. Rf2 Nxc2 25. Rfh2 Re7 26. Qd2 Bxg4 27. Bd3 Bf3 28. Rf1 Bxe4 29. Bxe4 Rxe4 30. Qd5+ 1-0

[Event "Aurora Spring op"]
[Site "Aurora CAN"]
[Date "2018.03.25"]
[Round "4.2"]
[White "Vettese, Nicholas"]
[Black "Plotkin, Victor"]
[Result "1/2-1/2"]
[WhiteElo "2157"]
[BlackElo "2250"]
[PlyCount "80"]
[GameId "2160767908241428"]
[EventDate "2018.03.24"]
[EventType "swiss"]
[EventRounds "5"]
[EventCountry "CAN"]
[SourceTitle "EXT 2022"]
[Source "ChessBase"]
[SourceDate "2021.10.06"]
[SourceVersion "1"]
[SourceVersionDate "2021.10.06"]
[SourceQuality "1"]

1. e4 e5 2. Nf3 Nf6 3. Nxe5 d6 4. Nf3 Nxe4 5. d4 d5 6. Bd3 Be7 7. O-O O-O 8. c4 Nf6 9. Nc3 Nc6 10. h3 Nb4 11. c5 b6 12. cxb6 axb6 13. Bb1 c5 14. Ne5 Bb7 15. Re1 Nc6 16. Nxc6 Bxc6 17. Bg5 h6 18. Bf4 Re8 19. Be5 Bd6 20. Bc2 Bxe5 21. dxe5 Ne4 22. Nxe4 dxe4 23. Qxd8 Rexd8 24. Bxe4 Bxe4 25. Rxe4 Rd2 26. b4 Raxa2 27. Rxa2 Rxa2 28. bxc5 bxc5 29. Rc4 Ra5 30. f4 g6 31. Kf2 h5 32. Kf3 Ra3+ 33. Ke4 Rg3 34. Rxc5 Rxg2 35. Rc8+ Kg7 36. Rc7 Rh2 37. Rc3 Rh1 38. Re3 Ra1 39. Rd3 Kf8 40. Rb3 Rh1 1/2-1/2

[Event "Aurora Spring op"]
[Site "Aurora CAN"]
[Date "2018.03.25"]
[Round "5.1"]
[White "Hambleton, Aman"]
[Black "Vettese, Nicholas"]
[Result "1/2-1/2"]
[WhiteElo "2501"]
[BlackElo "2157"]
[PlyCount "57"]
[GameId "2160767908241437"]
[EventDate "2018.03.24"]
[EventType "swiss"]
[EventRounds "5"]
[EventCountry "CAN"]
[SourceTitle "EXT 2022"]
[Source "ChessBase"]
[SourceDate "2021.10.06"]
[SourceVersion "1"]
[SourceVersionDate "2021.10.06"]
[SourceQuality "1"]

1. c4 Nf6 2. Nc3 d5 3. cxd5 Nxd5 4. Nf3 g6 5. e4 Nxc3 6. bxc3 Bg7 7. d4 c5 8. Be3 Nc6 9. Rc1 Qa5 10. Qd2 cxd4 11. cxd4 Qxd2+ 12. Kxd2 O-O 13. Bb5 Rd8 14. Bxc6 bxc6 15. Rc5 Rb8 16. Rhc1 Rb4 17. Ne5 Bxe5 18. Rxe5 Rb2+ 19. Rc2 Rxc2+ 20. Kxc2 Be6 21. Ra5 Rd7 22. Kc3 f6 23. Ra6 Kf7 24. a4 Rc7 25. Kb4 c5+ 26. dxc5 Bc8 27. Ra5 a6 28. c6 Rxc6 29. Rc5 1/2-1/2